[Event "CAN-ch"]
[Site "Toronto CAN"]
[Date "2006.08.21"]
[Round "4"]
[White "Ochkoos, Jura"]
[Black "Southam, David"]
[Result "0-1"]
[WhiteElo "2305"]
[BlackElo "2099"]
[PlyCount "130"]
[EventDate "2006.08.18"]
[EventType "swiss"]
[EventRounds "9"]
[EventCountry "CAN"]
[Source "Mark Crowther"]
[SourceDate "2006.08.28"]

1. e4 e6 2. d4 d5 3. e5 c5 4. c3 Nc6 5. Nf3 Bd7 6. a3 c4 7. Be2 Na5 8. Nbd2 Bc6
9. O-O Qd7 10. Ne1 Ba4 11. Nc2 O-O-O 12. Nf3 f5 13. Nfe1 Be7 14. f4 Nh6 15. Rf2
Nf7 16. Bf1 Rdg8 17. Qe2 Nb3 18. Rb1 Nxc1 19. Rxc1 g5 20. Ne3 Qc7 21. Kh1 gxf4
22. Rxf4 h5 23. g3 Bg5 24. Rf3 h4 25. gxh4 Bxh4 26. Bg2 Ng5 27. Nf1 Nxf3 28.
Nxf3 Bd8 29. N1d2 Kb8 30. Rg1 Be8 31. Bf1 Bh5 32. Rxg8 Rxg8 33. Qf2 Qg7 34. Bg2
Qg4 35. Nf1 f4 36. N1d2 Bg6 37. Ng1 Bh4 38. Qf1 Bd3 39. Qf3 Qxf3 40. Ndxf3 Bf2
41. Nh3 Be3 42. Nhg5 Bf5 43. h4 Bc1 44. Bh3 Bxh3 45. Nxh3 Kc8 46. Nfg5 Kd7 47.
Kg2 Rh8 48. Nf3 Rf8 49. Kf2 Bxb2 50. Nhg5 Bxa3 51. Nh7 Rh8 52. Nf6+ Ke7 53. h5
Bb2 54. h6 a5 55. Ke2 Bxc3 56. Kd1 a4 57. Kc2 Ba5 58. h7 b5 59. Ng5 b4 60. Ng8+
Kd7 61. Nf6+ Kc8 62. Nxe6 b3+ 63. Kc1 f3 64. Nxd5 f2 65. Ne3 Rxh7 0-1

[Event "CAN-ch"]
[Site "Toronto CAN"]
[Date "2006.08.21"]
[Round "4"]
[White "Plotkin, Victor"]
[Black "Masse, Hugues"]
[Result "0-1"]
[WhiteElo "2164"]
[BlackElo "2178"]
[PlyCount "184"]
[EventDate "2006.08.18"]
[EventType "swiss"]
[EventRounds "9"]
[EventCountry "CAN"]
[Source "Mark Crowther"]
[SourceDate "2006.08.28"]

1. e4 c5 2. c3 d5 3. exd5 Qxd5 4. d4 Nf6 5. Nf3 e6 6. Be3 cxd4 7. cxd4 Nc6 8.
Nc3 Qd6 9. Bc4 Be7 10. O-O O-O 11. Qd2 a6 12. Rac1 b5 13. Bd3 Nb4 14. Bb1 Bb7
15. Ne5 Nbd5 16. Qd3 Rac8 17. Bg5 Nxc3 18. bxc3 Be4 19. Qg3 Bxb1 20. Bxf6 Bxf6
21. Rxb1 Bxe5 22. dxe5 Qd2 23. Rfc1 Qxa2 24. Ra1 Qb2 25. Rcb1 Qe2 26. Rxa6 b4
27. c4 Qxc4 28. Raa1 Rc5 29. Qe3 Rfc8 30. g3 Qc3 31. Qxc3 bxc3 32. f4 g5 33.
Kf2 gxf4 34. gxf4 Rd8 35. Ke3 c2 36. Rf1 Rc3+ 37. Ke2 Rcd3 38. Ra8 Rxa8 39.
Kxd3 Ra3+ 40. Kxc2 Ra2+ 41. Kd3 Rxh2 42. f5 exf5 43. Rxf5 Rh6 44. Ke4 Rg6 45.
Rf2 Kg7 46. Rb2 h5 47. Kf5 h4 48. Rh2 Rh6 49. Kg4 Kg6 50. Ra2 h3 51. Rh2 Rh8
52. Kg3 Kg5 53. Kf3 Kf5 54. Kg3 Ke6 55. Kg4 Kxe5 56. Kg3 Kd4 57. Kf4 Kd3 58.
Kf3 Rh4 59. Kg3 Rh6 60. Kf3 Kd4 61. Kf4 Kd5 62. Kf5 Kd6 63. Rd2+ Ke7 64. Rh2
Kf8 65. Kg5 Kg7 66. Kf5 Rh5+ 67. Kg4 Kg6 68. Kf4 Rh4+ 69. Kf3 Kg5 70. Kg3 f5
71. Kf3 Ra4 72. Rb2 Ra3+ 73. Kf2 Kg4 74. Kg1 Rg3+ 75. Kh2 Re3 76. Rb4+ f4 77.
Rb2 Re4 78. Ra2 Rd4 79. Rb2 Rc4 80. Ra2 Rb4 81. Rc2 Ra4 82. Rb2 Rc4 83. Ra2 Rd4
84. Rb2 f3 85. Rb8 f2 86. Rb1 Rd3 87. Rd1 Rf3 88. Ra1 Kf5 89. Rf1 Ke4 90. Kh1
Kd3 91. Kh2 Ke2 92. Ra1 Rf8 0-1

[Event "CAN-ch"]
[Site "Toronto CAN"]
[Date "2006.08.21"]
[Round "4"]
[White "Predescu, Sebastian"]
[Black "Kret, Ted"]
[Result "1-0"]
[WhiteElo "2222"]
[BlackElo "2138"]
[PlyCount "101"]
[EventDate "2006.08.18"]
[EventType "swiss"]
[EventRounds "9"]
[EventCountry "CAN"]
[Source "Mark Crowther"]
[SourceDate "2006.08.28"]

1. e4 e6 2. d4 d5 3. e5 c5 4. c3 Nc6 5. Nf3 Bd7 6. Be2 Rc8 7. O-O Qb6 8. dxc5
Bxc5 9. b4 Be7 10. Bf4 Qd8 11. Qd2 h6 12. h3 g5 13. Be3 Qc7 14. Na3 f6 15. Nb5
Qb8 16. Qd3 f5 17. g4 a6 18. gxf5 Nxe5 19. Nxe5 Bxb5 20. Bh5+ Kf8 21. Qxb5 axb5
22. Nd7+ Kg7 23. Nxb8 Rxb8 24. fxe6 Bf6 25. Rad1 Bxc3 26. Rxd5 Nf6 27. Rc5 Nxh5
28. Rxc3 Rhe8 29. Rc7+ Kg6 30. e7 Kf7 31. Re1 Nf6 32. Ba7 Ra8 33. Rxb7 Nd5 34.
a3 Nf4 35. Kh2 Ne6 36. Be3 Rxa3 37. Rxb5 Rxe7 38. Rf5+ Kg6 39. Re5 Kf7 40. b5
Re8 41. b6 Rb3 42. Rd1 Kf6 43. Ra5 Kg6 44. Rd6 Kh5 45. Ra6 Ng7 46. b7 Nf5 47.
Rdb6 Rxb6 48. Rxb6 Nxe3 49. fxe3 Rb8 50. Kg3 g4 51. h4 1-0

[Event "CAN-ch"]
[Site "Toronto CAN"]
[Date "2006.08.21"]
[Round "4"]
[White "Tremblay, Rejean"]
[Black "Ristovic, Nenad"]
[Result "1-0"]
[WhiteElo "2139"]
[BlackElo "2293"]
[PlyCount "123"]
[EventDate "2006.08.18"]
[EventType "swiss"]
[EventRounds "9"]
[EventCountry "CAN"]
[Source "Mark Crowther"]
[SourceDate "2006.08.28"]

1. e4 e6 2. d4 d5 3. Nc3 Nf6 4. Bg5 Be7 5. e5 Nfd7 6. Bxe7 Qxe7 7. f4 O-O 8.
Nf3 f6 9. exf6 Qxf6 10. g3 c5 11. dxc5 Nc6 12. Qd2 Nxc5 13. O-O-O a6 14. Qe3 b6
15. Ne2 Bb7 16. Ned4 Nxd4 17. Rxd4 Nd7 18. Bh3 Rfe8 19. Re1 Nf8 20. Rd2 b5 21.
Ng5 Re7 22. Qe5 Rae8 23. Rde2 Bc8 24. Bg2 Ng6 25. Qxf6 gxf6 26. Nxe6 Bb7 27.
Nd4 Rxe2 28. Rxe2 Rxe2 29. Nxe2 Kf7 30. Kd2 Ke6 31. Bh3+ Kd6 32. b4 Ne7 33. Nd4
Bc8 34. Bxc8 Nxc8 35. g4 Kd7 36. Nf5 Na7 37. Kd3 Nc6 38. a3 Nd8 39. h4 Ne6 40.
Ke3 Nf8 41. g5 fxg5 42. hxg5 Ng6 43. Nd4 Kd6 44. Kf3 Kd7 45. Kg4 Kd6 46. c3 Kd7
47. Nf3 Kd6 48. f5 Ne7 49. Nh4 Ng8 50. f6 Ke6 51. Nf5 Nxf6+ 52. gxf6 Kxf6 53.
Kf4 h5 54. Nd4 h4 55. Nc6 h3 56. Kg3 Kf5 57. Nb8 Ke4 58. Nxa6 Kd3 59. Nc7 Kxc3
60. Nxd5+ Kb3 61. Nc7 Kxa3 62. Na6 1-0

[Event "CAN-ch"]
[Site "Toronto CAN"]
[Date "2006.08.21"]
[Round "4"]
[White "Zubac, Marius"]
[Black "Findlay, Ian"]
[Result "1/2-1/2"]
[WhiteElo "2217"]
[BlackElo "2325"]
[PlyCount "102"]
[EventDate "2006.08.18"]
[EventType "swiss"]
[EventRounds "9"]
[EventCountry "CAN"]
[Source "Mark Crowther"]
[SourceDate "2006.08.28"]

1. d4 Nf6 2. c4 c5 3. d5 e6 4. Nc3 exd5 5. cxd5 d6 6. e4 g6 7. Bd3 Bg7 8. Nge2
O-O 9. O-O a6 10. a4 Re8 11. Ng3 Nbd7 12. h3 Rb8 13. f4 Qc7 14. Be3 c4 15. Bc2
Nc5 16. Qf3 b5 17. axb5 axb5 18. e5 dxe5 19. fxe5 Rxe5 20. Bf4 b4 21. Bxe5 Qxe5
22. Rae1 Qd4+ 23. Kh2 Bg4 24. hxg4 bxc3 25. Rd1 Qxg4 26. bxc3 Qh4+ 27. Kg1 Ng4
28. Qxf7+ Kh8 29. Rf3 Ne5 30. Qc7 Nxf3+ 31. gxf3 Re8 32. Nf1 Qg5+ 33. Qg3 Qxg3+
34. Nxg3 Bxc3 35. d6 Re1+ 36. Rxe1 Bxe1 37. Ne4 Bb4 38. Kg2 Kg7 39. Nxc5 Bxc5
40. d7 Be7 41. f4 Kf6 42. Kf3 Ke6 43. Ba4 Kd5 44. Ke3 Bc5+ 45. Kf3 Bb6 46. Bc2
Bd8 47. Ke3 Bf6 48. Bd1 Bd4+ 49. Kf3 Bb6 50. Bc2 Kd4 51. f5 gxf5 1/2-1/2

[Event "CAN-ch"]
[Site "Toronto CAN"]
[Date "2006.08.22"]
[Round "5"]
[White "Anastasovski, Nikola"]
[Black "Zubac, Marius"]
[Result "1-0"]
[WhiteElo "2016"]
[BlackElo "2217"]
[PlyCount "73"]
[EventDate "2006.08.18"]
[EventType "swiss"]
[EventRounds "9"]
[EventCountry "CAN"]
[Source "Mark Crowther"]
[SourceDate "2006.08.28"]

1. e4 c5 2. c4 Nc6 3. Nc3 g6 4. g3 Bg7 5. Bg2 e6 6. d3 Nge7 7. Be3 Nd4 8. Qd2
d6 9. h3 a6 10. Rc1 e5 11. Nge2 Nxe2 12. Nxe2 b5 13. b3 b4 14. f4 Qc7 15. O-O
O-O 16. f5 f6 17. fxg6 hxg6 18. g4 Bb7 19. Ng3 a5 20. Rf2 a4 21. Rcf1 axb3 22.
axb3 Nc6 23. h4 Na5 24. Qd1 Nc6 25. g5 fxg5 26. h5 Rxf2 27. Rxf2 Rf8 28. hxg6
Rxf2 29. Kxf2 Bf6 30. Qh5 Nd4 31. Bxg5 Bxg5 32. Qxg5 Qg7 33. Nh5 Qf8+ 34. Kg1
Ne2+ 35. Kh2 Qf2 36. Qd8+ Qf8 37. Qd7 1-0

[Event "CAN-ch"]
[Site "Toronto CAN"]
[Date "2006.08.22"]
[Round "5"]
[White "Buscar, Michael"]
[Black "Henry, Liam"]
[Result "1/2-1/2"]
[WhiteElo "2127"]
[BlackElo "2090"]
[PlyCount "32"]
[EventDate "2006.08.18"]
[EventType "swiss"]
[EventRounds "9"]
[EventCountry "CAN"]
[Source "Mark Crowther"]
[SourceDate "2006.08.28"]

1. d4 Nf6 2. Nf3 g6 3. Bf4 Bg7 4. e3 O-O 5. Bd3 d6 6. h3 Nbd7 7. Bh2 Qe8 8. O-O
e5 9. dxe5 dxe5 10. e4 Qe7 11. Qe2 Nh5 12. Nc3 c6 13. Qe3 Re8 14. Rad1 Qb4 15.
Qc1 Nf4 16. a3 Qc5 1/2-1/2

[Event "CAN-ch"]
[Site "Toronto CAN"]
[Date "2006.08.22"]
[Round "5"]
[White "Findlay, Ian"]
[Black "Kret, Ted"]
[Result "1-0"]
[WhiteElo "2325"]
[BlackElo "2138"]
[PlyCount "69"]
[EventDate "2006.08.18"]
[EventType "swiss"]
[EventRounds "9"]
[EventCountry "CAN"]
[Source "Mark Crowther"]
[SourceDate "2006.08.28"]

1. e4 c5 2. Nf3 Nc6 3. d4 cxd4 4. Nxd4 Nf6 5. Nc3 e5 6. Ndb5 d6 7. Bg5 a6 8.
Na3 b5 9. Nd5 Be7 10. Bxf6 Bxf6 11. c3 O-O 12. Nc2 Bg5 13. a4 Rb8 14. axb5 axb5
15. Be2 Re8 16. O-O Bf4 17. g3 Re6 18. Bg4 Rh6 19. Qf3 Bxg4 20. Qxg4 Rg6 21.
Qf5 Bg5 22. Rfd1 Na5 23. Ncb4 Ra8 24. Ra2 Nc4 25. Nc6 Qf8 26. Nce7+ Bxe7 27.
Nxe7+ Kh8 28. Nxg6+ hxg6 29. Qh3+ Kg8 30. Rxa8 Qxa8 31. b3 Na5 32. Rxd6 Nxb3
33. Qd7 Qa1+ 34. Kg2 Qxc3 35. Qd8+ 1-0

[Event "CAN-ch"]
[Site "Toronto CAN"]
[Date "2006.08.22"]
[Round "5"]
[White "Gardner, Robert"]
[Black "Ochkoos, Jura"]
[Result "0-1"]
[WhiteElo "2217"]
[BlackElo "2305"]
[PlyCount "68"]
[EventDate "2006.08.18"]
[EventType "swiss"]
[EventRounds "9"]
[EventCountry "CAN"]
[Source "Mark Crowther"]
[SourceDate "2006.08.28"]

1. f4 d5 2. Nf3 g6 3. e3 Bg7 4. Be2 Nh6 5. O-O O-O 6. d3 c6 7. c3 Nd7 8. e4
dxe4 9. dxe4 Qb6+ 10. Kh1 Nf6 11. Nbd2 Nhg4 12. Qe1 Qc7 13. e5 Nd5 14. Qh4 Nge3
15. Rg1 Nf5 16. Qf2 Nxf4 17. Bf1 Qb6 18. Qxb6 axb6 19. Nc4 Nd5 20. g4 b5 21.
gxf5 bxc4 22. Bh3 Kh8 23. Rg3 gxf5 24. Rg5 f6 25. Rh5 fxe5 26. Nh4 Nf6 27. Ng6+
Kg8 28. Nxe7+ Kf7 29. Rg5 Kxe7 30. Rxg7+ Rf7 31. Rg5 Ne4 32. Rg8 Nf2+ 33. Kg2
Nxh3 34. Kxh3 f4+ 0-1

[Event "CAN-ch"]
[Site "Toronto CAN"]
[Date "2006.08.22"]
[Round "5"]
[White "Haessel, Dale"]
[Black "Fiedler, Brian"]
[Result "1-0"]
[WhiteElo "2195"]
[BlackElo "2226"]
[PlyCount "57"]
[EventDate "2006.08.18"]
[EventType "swiss"]
[EventRounds "9"]
[EventCountry "CAN"]
[Source "Mark Crowther"]
[SourceDate "2006.08.28"]

1. c4 g6 2. g3 Bg7 3. Bg2 c5 4. Nc3 Nc6 5. a3 Nf6 6. Rb1 O-O 7. b4 cxb4 8. axb4
a5 9. bxa5 Rxa5 10. Nf3 d5 11. cxd5 Nxd5 12. Nxd5 Qxd5 13. O-O Qh5 14. d4 Rd8
15. Bd2 Rb5 16. e3 Bg4 17. Rxb5 Qxb5 18. Qb1 Qh5 19. Nh4 Bc8 20. Rc1 Qe2 21.
Bc3 Qa6 22. Qb3 e6 23. Nf3 Ne7 24. Ra1 Qd3 25. Ne1 Qf5 26. Ra8 Rf8 27. Bb4 Qb5
28. Bf1 Qb6 29. Qa3 1-0

[Event "CAN-ch"]
[Site "Toronto CAN"]
[Date "2006.08.22"]
[Round "5"]
[White "Kagramanov, Dina"]
[Black "Siddeley, Hugh"]
[Result "1-0"]
[WhiteElo "2076"]
[BlackElo "2010"]
[PlyCount "101"]
[EventDate "2006.08.18"]
[EventType "swiss"]
[EventRounds "9"]
[EventCountry "CAN"]
[Source "Mark Crowther"]
[SourceDate "2006.08.28"]

1. e4 d6 2. d4 g6 3. Nc3 c6 4. f4 d5 5. e5 h5 6. Nf3 Bg4 7. Bd3 Nh6 8. Be3 e6
9. Bf2 a6 10. h3 Bxf3 11. Qxf3 h4 12. O-O-O Nd7 13. Ne2 Nf5 14. g4 hxg3 15.
Nxg3 Qa5 16. Nxf5 gxf5 17. Kb1 b5 18. h4 O-O-O 19. h5 Kb8 20. Bh4 Rc8 21. Be2
c5 22. c3 Nb6 23. Be1 cxd4 24. cxd4 Bb4 25. Bxb4 Qxb4 26. Qb3 Qxb3 27. axb3 Rh6
28. Rdg1 Kc7 29. Rc1+ Kb7 30. Rhg1 Rxc1+ 31. Kxc1 Rh7 32. Kd2 Na8 33. Ke3 Nc7
34. Kf2 Kb6 35. Rh1 Kc6 36. Kg3 Kd7 37. Kh4 f6 38. exf6 Ke8 39. Rg1 Kf7 40. Rg6
Ne8 41. Kg5 Nd6 42. Rg7+ Rxg7+ 43. fxg7 Kxg7 44. h6+ Kf7 45. Bh5+ Kg8 46. Kf6
Ne4+ 47. Kxe6 Nd2 48. Bd1 Nf1 49. Bf3 Kh7 50. Bxd5 Ne3 51. Bb7 1-0

[Event "CAN-ch"]
[Site "Toronto CAN"]
[Date "2006.08.22"]
[Round "5"]
[White "Kaminski, Victor"]
[Black "Plotkin, Victor"]
[Result "1/2-1/2"]
[WhiteElo "2129"]
[BlackElo "2164"]
[PlyCount "147"]
[EventDate "2006.08.18"]
[EventType "swiss"]
[EventRounds "9"]
[EventCountry "CAN"]
[Source "Mark Crowther"]
[SourceDate "2006.08.28"]

1. c4 Nf6 2. g3 e5 3. Bg2 Be7 4. Nc3 O-O 5. e4 c6 6. Nge2 d6 7. d4 Ne8 8. O-O
f5 9. dxe5 dxe5 10. Qxd8 Bxd8 11. Be3 Be6 12. b3 Nd7 13. exf5 Bxf5 14. h3 Be7
15. g4 Be6 16. Ne4 Nd6 17. Ng5 Bxg5 18. Bxg5 Rae8 19. Rad1 Nf7 20. Bc1 Rd8 21.
f4 Nb6 22. f5 Bc8 23. Be3 Rxd1 24. Rxd1 Rd8 25. Rxd8+ Nxd8 26. Nc3 Bd7 27. Bxb6
axb6 28. Na4 b5 29. Nc5 Bc8 30. cxb5 cxb5 31. Nd3 Kf7 32. Nxe5+ Kf6 33. Nd3 h5
34. Bf3 hxg4 35. hxg4 g6 36. fxg6 Kxg6 37. Kf2 Kg5 38. Kg3 Ne6 39. Bd1 b6 40.
Nf2 Kf6 41. Kf3 Ke5 42. Ke3 Ng5 43. Nd3+ Kd5 44. Be2 Bd7 45. Ne1 Be8 46. Nc2
Ne6 47. Nb4+ Kd6 48. Nd3 Ng5 49. Kd4 Ne6+ 50. Kc3 Bd7 51. Nb4 Ke5 52. Bf3 Ng5
53. Bc6 Bxg4 54. Nd3+ Kd6 55. Bxb5 Ne6 56. Nb2 Nc7 57. Bc4 Be6 58. Bxe6 Nxe6
59. Nd3 Nc7 60. Kc4 Kc6 61. Nb4+ Kd6 62. Nc2 Kc6 63. Nd4+ Kd7 64. a4 Kc8 65.
Nb5 Na6 66. Nd6+ Kc7 67. Kb5 Nc5 68. Ne8+ Kd8 69. b4 Kxe8 70. a5 bxa5 71. bxc5
Kd7 72. Kb6 Kc8 73. Kxa5 Kc7 74. Kb5 1/2-1/2

[Event "CAN-ch"]
[Site "Toronto CAN"]
[Date "2006.08.22"]
[Round "5"]
[White "Mikanovic, Goran"]
[Black "Hamilton, Robert"]
[Result "1-0"]
[WhiteElo "2284"]
[BlackElo "2333"]
[PlyCount "89"]
[EventDate "2006.08.18"]
[EventType "swiss"]
[EventRounds "9"]
[EventCountry "CAN"]
[Source "Mark Crowther"]
[SourceDate "2006.08.28"]

1. d4 Nf6 2. c4 e6 3. Nc3 Bb4 4. Qc2 c5 5. dxc5 Na6 6. a3 Bxc3+ 7. Qxc3 Nxc5 8.
b4 Nce4 9. Qd4 d5 10. cxd5 exd5 11. e3 O-O 12. Bb2 a5 13. Bd3 Re8 14. Ne2 h6
15. O-O Nd2 16. Bh7+ Kxh7 17. Qxd2 Ne4 18. Qd4 f6 19. Nf4 Be6 20. Rfd1 axb4 21.
axb4 Rxa1 22. Bxa1 Bf7 23. f3 Ng5 24. h4 Ne6 25. Qd3+ Kh8 26. Nxd5 Nc7 27. Nxf6
Qxd3 28. Rxd3 Ra8 29. Be5 Na6 30. Ne4 Be6 31. Rd6 Re8 32. Nc5 Nxc5 33. bxc5 Kg8
34. Kf2 Kf7 35. Rb6 Bd5 36. Bd4 Bc6 37. Rb1 g5 38. hxg5 hxg5 39. Rh1 Ra8 40.
Ra1 Rg8 41. g4 Rd8 42. Rh1 Ra8 43. Rh6 Bd7 44. Rf6+ Ke7 45. Rg6 1-0

[Event "CAN-ch"]
[Site "Toronto CAN"]
[Date "2006.08.22"]
[Round "5"]
[White "Patterson, Roger"]
[Black "Predescu, Sebastian"]
[Result "0-1"]
[WhiteElo "2160"]
[BlackElo "2222"]
[PlyCount "110"]
[EventDate "2006.08.18"]
[EventType "swiss"]
[EventRounds "9"]
[EventCountry "CAN"]
[Source "Mark Crowther"]
[SourceDate "2006.08.28"]

1. e4 c5 2. Nf3 d6 3. d4 cxd4 4. Nxd4 Nf6 5. Nc3 a6 6. f4 e5 7. Nf3 Nbd7 8. a4
Be7 9. Bd3 O-O 10. O-O exf4 11. Kh1 Nh5 12. Nd4 Ndf6 13. Nd5 Nxd5 14. exd5 g6
15. c4 Bf6 16. Be2 Qb6 17. Nc2 Ng7 18. Bxf4 Bf5 19. Bd3 Rae8 20. Bxf5 Nxf5 21.
g4 Ng7 22. Qd3 Be5 23. Bxe5 Rxe5 24. b4 f5 25. gxf5 Rexf5 26. a5 Qd8 27. Rxf5
Nxf5 28. Re1 Qh4 29. c5 dxc5 30. bxc5 Qf2 31. c6 Nh4 32. Qg3 bxc6 33. dxc6 Qxc2
34. Qxh4 Qxc6+ 35. Kg1 Qf6 36. Qg3 Qd4+ 37. Kg2 Qd5+ 38. Kg1 Rf5 39. h4 Qxa5
40. Qb8+ Kg7 41. Qb2+ Kh6 42. Re4 Qc5+ 43. Kg2 Qd5 44. Qc1+ Kg7 45. Qc3+ Rf6
46. Qc2 Rc6 47. Qb2+ Kh6 48. Qe2 Re6 49. Qe3+ Kg7 50. Qc3+ Rf6 51. Qc2 Rd6 52.
Qc3+ Kg8 53. Qf3 Qf5 54. Qb3+ Kg7 55. Re7+ Kf8 0-1

[Event "CAN-ch"]
[Site "Toronto CAN"]
[Date "2006.08.22"]
[Round "5"]
[White "Reeve, Jeff"]
[Black "Lipnowski, Samuel"]
[Result "1/2-1/2"]
[WhiteElo "2252"]
[BlackElo "2247"]
[PlyCount "123"]
[EventDate "2006.08.18"]
[EventType "swiss"]
[EventRounds "9"]
[EventCountry "CAN"]
[Source "Mark Crowther"]
[SourceDate "2006.08.28"]

1. e4 c5 2. Nf3 d6 3. d4 cxd4 4. Nxd4 Nf6 5. Nc3 a6 6. a4 g6 7. g3 Bg7 8. Bg2
O-O 9. O-O Bg4 10. f3 Bd7 11. Be3 Nc6 12. Qd2 Rc8 13. Nxc6 bxc6 14. a5 c5 15.
Rfd1 Rb8 16. Ra2 Be6 17. Nd5 Nxd5 18. exd5 Bf5 19. Bf1 Bc8 20. c3 Re8 21. Bc4
Qc7 22. Bf4 Ra8 23. g4 Bd7 24. h4 Reb8 25. h5 Bb5 26. Bxb5 Rxb5 27. Re1 Rab8
28. Re2 c4 29. Kg2 Qb7 30. Qe3 Bf8 31. hxg6 hxg6 32. Bh6 Bxh6 33. Qxh6 Qxd5 34.
Rxe7 Rxb2+ 35. Rxb2 Rxb2+ 36. Kg3 Rb8 37. Qe3 Qxa5 38. Rxf7 Kxf7 39. Qa7+ Ke6
40. Qxb8 Qxc3 41. Qc8+ Kd5 42. Qb7+ Kd4 43. Qg7+ Kd3 44. Qxg6+ Ke2 45. Qe4+ Kf1
46. Qb1+ Qe1+ 47. Qxe1+ Kxe1 48. g5 c3 49. g6 c2 50. g7 c1=Q 51. g8=Q Qe3 52.
Qa2 Qg5+ 53. Kh3 a5 54. f4 Qxf4 55. Qxa5+ Qd2 56. Qa1+ Ke2 57. Kg4 d5 58. Qe5+
Kf1 59. Qf4+ Ke1 60. Qe5+ Qe2+ 61. Kf4 d4 62. Qxd4 1/2-1/2

[Event "CAN-ch"]
[Site "Toronto CAN"]
[Date "2006.08.22"]
[Round "5"]
[White "Saint Amand, Paul"]
[Black "Dougherty, Michael"]
[Result "1-0"]
[WhiteElo "2126"]
[BlackElo "2186"]
[PlyCount "125"]
[EventDate "2006.08.18"]
[EventType "swiss"]
[EventRounds "9"]
[EventCountry "CAN"]
[Source "Mark Crowther"]
[SourceDate "2006.08.28"]

1. e4 c5 2. Nf3 d6 3. c3 Nf6 4. Bd3 g6 5. Bc2 Bg7 6. O-O O-O 7. h3 e5 8. d3 Nc6
9. Nbd2 d5 10. exd5 Nxd5 11. Ne4 b6 12. Re1 h6 13. Bd2 Be6 14. a3 a5 15. Qe2
Qe7 16. Ba4 Bd7 17. Bb3 Nc7 18. Rad1 a4 19. Bc2 Ne6 20. Ng3 Kh7 21. Rb1 b5 22.
Qd1 Rfd8 23. b3 axb3 24. Rxb3 c4 25. dxc4 bxc4 26. Rb1 Nc5 27. Qe2 Be6 28. Be4
Nxe4 29. Nxe4 f5 30. Ng3 Rxa3 31. Ra1 e4 32. Rxa3 Qxa3 33. Nd4 Nxd4 34. cxd4
Rxd4 35. Bc1 Qb3 36. Nf1 Qd3 37. Qa2 c3 38. Qxe6 Rd6 39. Qa2 Ra6 40. Qe2 Ra1
41. Be3 c2 42. Qxd3 exd3 43. Rxa1 Bxa1 44. Bc1 Kg7 45. Nd2 Kf6 46. Nb3 Bc3 47.
f4 g5 48. g3 gxf4 49. gxf4 Kg6 50. Kf2 Kh5 51. Ke3 Kh4 52. Kxd3 Be1 53. Nd4
Kxh3 54. Nxf5 h5 55. Nd4 Kg4 56. Ke4 h4 57. Nf3 Bg3 58. f5 h3 59. f6 h2 60.
Nxh2+ Bxh2 61. Kd5 Bf4 62. f7 Bxc1 63. f8=Q 1-0

[Event "CAN-ch"]
[Site "Toronto CAN"]
[Date "2006.08.23"]
[Round "6"]
[White "Anastasovski, Nikola"]
[Black "Djerkovic, Miladin"]
[Result "1-0"]
[WhiteElo "2016"]
[BlackElo "2225"]
[PlyCount "125"]
[EventDate "2006.08.18"]
[EventType "swiss"]
[EventRounds "9"]
[EventCountry "CAN"]
[Source "Mark Crowther"]
[SourceDate "2006.08.28"]

1. e4 e5 2. Nf3 Nc6 3. Bc4 Bc5 4. Nc3 Nf6 5. d3 d6 6. Be3 Bb4 7. h3 d5 8. exd5
Nxd5 9. Qd2 Bxc3 10. bxc3 O-O 11. O-O Qd6 12. Rab1 b6 13. Ng5 Na5 14. Bxd5 Qxd5
15. c4 Qd7 16. f4 f6 17. Ne4 Bb7 18. Nc5 Qd6 19. fxe5 fxe5 20. Nxb7 Nxb7 21.
Qe2 Nc5 22. Qg4 Ne6 23. Rbe1 Rae8 24. Bf2 Nf4 25. Bg3 Qd4+ 26. Kh2 Qc3 27. Bxf4
Rxf4 28. Qd7 Ref8 29. Qe6+ Kh8 30. Qe7 Kg8 31. Qe6+ Kh8 32. Rxf4 exf4 33. Qf7
Qf6 34. Qxf6 gxf6 35. Re7 Rc8 36. Rf7 Re8 37. Rxc7 Re2 38. Kg1 Rxc2 39. Rxa7
Rd2 40. Ra3 Kg7 41. Rb3 Kg6 42. a4 Kg5 43. Rxb6 Rxd3 44. a5 Rc3 45. Rc6 Rc2 46.
a6 Kh4 47. Rc7 h5 48. a7 Ra2 49. c5 f3 50. Rg7 fxg2 51. c6 f5 52. c7 Rxa7 53.
c8=Q Rxg7 54. Qxf5 Rg3 55. Qe5 Rg6 56. Qe4+ Kg5 57. Kxg2 Kh6+ 58. Kf3 Rf6+ 59.
Kg3 Kg5 60. Qe5+ Kg6 61. Kh4 Rf5 62. Qe6+ Rf6 63. Qg8+ 1-0

[Event "CAN-ch"]
[Site "Toronto CAN"]
[Date "2006.08.23"]
[Round "6"]
[White "Belc, Daniela"]
[Black "Siddeley, Hugh"]
[Result "0-1"]
[WhiteElo "2064"]
[BlackElo "2010"]
[PlyCount "64"]
[EventDate "2006.08.18"]
[EventType "swiss"]
[EventRounds "9"]
[EventCountry "CAN"]
[Source "Mark Crowther"]
[SourceDate "2006.08.28"]

1. d4 Nf6 2. Nf3 g6 3. c4 c5 4. d5 b5 5. e3 a6 6. cxb5 axb5 7. Bxb5 Qa5+ 8. Nc3
Bb7 9. O-O Bg7 10. Re1 O-O 11. e4 e6 12. a4 Na6 13. Bd2 Nb4 14. d6 Rad8 15. Qb3
Ng4 16. Na2 f5 17. Nxb4 cxb4 18. h3 Nxf2 19. exf5 Nxh3+ 20. gxh3 Rxf5 21. Rf1
Bxf3 22. Rxf3 Rxb5 23. Raf1 Rbb8 24. Kg2 Qe5 25. Bc1 Rf8 26. Rxf8+ Rxf8 27.
Rxf8+ Bxf8 28. Qxb4 Bxd6 29. Qc3 Qe2+ 30. Kg1 Kf7 31. Bh6 Bh2+ 32. Kh1 Be5 0-1

[Event "CAN-ch"]
[Site "Toronto CAN"]
[Date "2006.08.23"]
[Round "6"]
[White "Chung, Kevin"]
[Black "Buscar, Michael"]
[Result "0-1"]
[WhiteElo "2047"]
[BlackElo "2127"]
[PlyCount "66"]
[EventDate "2006.08.18"]
[EventType "swiss"]
[EventRounds "9"]
[EventCountry "CAN"]
[Source "Mark Crowther"]
[SourceDate "2006.08.28"]

1. e4 c5 2. Nf3 Nc6 3. d4 cxd4 4. Nxd4 Nf6 5. Nc3 e5 6. Ndb5 d6 7. Bg5 a6 8.
Na3 b5 9. Nd5 Be7 10. Bxf6 Bxf6 11. c4 Bg5 12. cxb5 Qa5+ 13. Nc3 Nd4 14. Bc4
O-O 15. Bd5 axb5 16. Bxa8 Ba6 17. Bd5 b4 18. Nc4 Bxc4 19. Bxc4 bxc3 20. O-O c2
21. Qd3 Qc5 22. h4 Bh6 23. Kh1 Rc8 24. b3 Qa3 25. f4 Bxf4 26. Rxf4 exf4 27. Qf1
Qb2 28. Qc1 Qc3 29. Qe1 Qxa1 30. Qxa1 Ne2 31. Bxe2 c1=Q+ 32. Qxc1 Rxc1+ 33. Kh2
Rc2 0-1

[Event "CAN-ch"]
[Site "Toronto CAN"]
[Date "2006.08.23"]
[Round "6"]
[White "Divljan, Igor"]
[Black "Kaminski, Victor"]
[Result "0-1"]
[WhiteElo "2319"]
[BlackElo "2129"]
[PlyCount "128"]
[EventDate "2006.08.18"]
[EventType "swiss"]
[EventRounds "9"]
[EventCountry "CAN"]
[Source "Mark Crowther"]
[SourceDate "2006.08.28"]

1. d4 Nf6 2. c4 e6 3. Nf3 c5 4. d5 exd5 5. cxd5 d6 6. Nc3 g6 7. h3 Bg7 8. e4
O-O 9. Bd3 b5 10. Nxb5 Re8 11. O-O Nxe4 12. Re1 a6 13. Na3 Nf6 14. Rxe8+ Nxe8
15. Bg5 Nf6 16. Nc4 h6 17. Bh4 Bb7 18. Ne3 Nbd7 19. Rb1 Nb6 20. Bc4 Nxc4 21.
Nxc4 g5 22. Bg3 Bxd5 23. Nxd6 Bf8 24. Be5 Bxa2 25. Rc1 Be6 26. Rxc5 Nd7 27. Rc6
Nxe5 28. Nxe5 Bg7 29. Nec4 Bxc4 30. Rxc4 Be5 31. Rc6 Qd7 32. Qf3 Rd8 33. Rxa6
Bxd6 34. Qf6 Bf4 35. g3 Qd1+ 36. Kg2 Qd5+ 37. Kh2 Rd6 38. Rxd6 Qxd6 39. Qf5 Be5
40. b4 Bd4 41. Kg2 Qxb4 42. h4 Qd2 43. hxg5 hxg5 44. Qf3 Kg7 45. Qf5 Qxf2+ 46.
Qxf2 Bxf2 47. Kxf2 Kf6 48. Ke2 Kf5 49. Kf3 g4+ 50. Ke3 Ke5 51. Kd3 f6 52. Ke3
f5 53. Kd3 f4 54. Ke2 f3+ 55. Ke3 Kd5 56. Kd3 Kc5 57. Ke3 Kc4 58. Kf2 Kd3 59.
Kf1 Ke3 60. Ke1 Kd3 61. Kf2 Ke4 62. Kf1 Kd4 63. Kf2 Kd3 64. Kf1 f2 0-1

[Event "CAN-ch"]
[Site "Toronto CAN"]
[Date "2006.08.23"]
[Round "6"]
[White "Khassanov, Marat"]
[Black "Filipovich, David"]
[Result "1/2-1/2"]
[WhiteElo "2314"]
[BlackElo "2236"]
[PlyCount "84"]
[EventDate "2006.08.18"]
[EventType "swiss"]
[EventRounds "9"]
[EventCountry "CAN"]
[Source "Mark Crowther"]
[SourceDate "2006.08.28"]

1. e4 d5 2. exd5 Nf6 3. d4 Nxd5 4. c4 Nb6 5. Nc3 e5 6. Qe2 Qxd4 7. Nf3 Qg4 8.
Qxe5+ Qe6 9. Nb5 Na6 10. Bd2 c6 11. Nbd4 Qxe5+ 12. Nxe5 Bc5 13. Nb3 Bb4 14.
O-O-O f6 15. Nf3 Be6 16. Bxb4 Nxb4 17. a3 Na6 18. Nfd4 Bxc4 19. Bxc4 Nxc4 20.
Rhe1+ Kf7 21. Nf5 Rhe8 22. Rd7+ Kf8 23. Red1 g6 24. Nd6 Nxd6 25. R1xd6 Re7 26.
Rxf6+ Ke8 27. Rd3 Rd8 28. Rf8+ Kxf8 29. Rxd8+ Kf7 30. Kd2 Ke6 31. Kd3 Rc7 32.
f4 b5 33. Ke4 c5 34. g4 b4 35. axb4 Nxb4 36. f5+ gxf5+ 37. gxf5+ Kf6 38. Rd6+
Kg5 39. h4+ Kxh4 40. Kf4 Kh5 41. Rd2 Kh6 42. Ke5 Kg7 1/2-1/2